Famous Footballers by Position #1 - Statistics

General Stats
  • This quiz has been taken 59 times
  • The average score is 15 of 20
Answer Stats
Hint Extra Hint Answer % Correct
Iker Casillas Spain 1) Goalkeeper
96%
Andrés Iniesta Spain 3) Midfielder
94%
Luka Modrić Croatia 3) Midfielder
91%
Thibault Curtois Belgium 1) Goalkeeper
89%
Eusébio Portugal 4) Forward
89%
Raphaël Varane France 2) Defender
87%
Pelé Brazil 4) Forward
87%
Gerd Müller Germany 4) Forward
87%
Franz Beckenbauer Germany 2) Defender
85%
Lev Yashin Soviet Union 1) Goalkeeper
83%
Paolo Maldini Italy 2) Defender
83%
Andrea Pirlo Italy 3) Midfielder
83%
Cafu Brazil 2) Defender
81%
Joško Gvardiol Croatia 2) Defender
77%
Lothar Matthäus Germany 3) Midfielder
70%
Alessandro Del Piero Italy 4) Forward
64%
Zbigniew Boniek Poland 3) Midfielder
53%
Peter Shilton England 1) Goalkeeper
49%
Cláudio Taffarel Brazil 1) Goalkeeper
45%
Diego Armando Maradona Argentina 4) Forward
45%
No matching quizzes found
Score Distribution
Percent of People with Each Score
Percentile by Number Answered
Your Score History
You have not taken this quiz